000 00465nam a2200181Ia 4500
008 230714s9999 xx 000 0 und d
020 _a9790000000000
041 _aeng
082 _a621.382'2
_bBAB
100 _aBabu P.R.
245 _aDigital Signal Processing
250 _a7th ed.
260 _c2017
_bScitech Publications
300 _a1172
365 _cRs.
_b690.00
700 _aBabu P.R.
906 _dO:0611314-Sep-2018B:IN30301-Aug-2018
_cTE
_b862.5
999 _c224083
_d224083